书目信息 |
| 题名: |
未来家庭形态
|
|
| 作者: | 王永云 著 | |
| 分册: | ||
| 出版信息: | 上海 学林出版社 1988.3 |
|
| 页数: | 205页 | |
| 开本: | 19cm | |
| 丛书名: | 人文丛书 | |
| 单 册: | ||
| 中图分类: | C913.11 | |
| 科图分类: | 33.651 | |
| 主题词: | 家庭--问题--研究 | |
| 电子资源: | ||
| ISBN: | 7-80510-090-X | |
| 000 | 00716oam2 2200265 450 | |
| 001 | 0189004380 | |
| 005 | 20130329124824.0 | |
| 010 | @a7-80510-090-X@dCNY2.35 | |
| 011 | @a7-80510-090-X | |
| 100 | @a20130329d1988 m y0chiy0110 ea | |
| 101 | 0 | @achi |
| 102 | @aCN@b310000 | |
| 105 | @ay z 000yy | |
| 106 | @ar | |
| 200 | 1 | @a未来家庭形态@9Wei Lai Jia;Jie Ting Xing Tai @f王永云著 |
| 210 | @a上海@c学林出版社@d1988.3 | |
| 215 | @a205页@d19cm | |
| 225 | 2 | @a人文丛书@v5 |
| 461 | 0 | @12001 @a人文丛书 |
| 606 | 0 | @a家庭@x问题@x研究 |
| 690 | @aC913.11@v1980 | |
| 692 | @a33.651@v1974 | |
| 701 | 0 | @a王永云@9wang yong yun@4著 |
| 801 | 0 | @aCN@b91MARC@c20130904 |
| 905 | @aBZT@dC913.11@e221@f1@sC913.11/221 | |
| 未来家庭形态/王永云著.-上海:学林出版社,1988.3 |
| 205页;19cm.-(人文丛书;5) |
| ISBN 7-80510-090-X:CNY2.35 |
| ● |
| 相关链接 |
|
|
|
正题名:未来家庭形态
索取号:C913.11/221
 
预约/预借
| 序号 | 登录号 | 条形码 | 馆藏地/架位号 | 状态 | 备注 |
| 1 | 2000143296 | 2000143296 | 旧书回溯/ [索取号:C913.11/221] | 在馆 |